[Event "Mitropa Cup 14th"]
[Site "Brno"]
[Date "1991.??.??"]
[Round "7"]
[White "Popovic, Petar"]
[Black "Fabiano, Giuseppe"]
[Result "1-0"]
[WhiteElo "2550"]
[BlackElo "2270"]
[PlyCount "81"]
[EventDate "1991.10.??"]
[EventType "team-tourn"]
[EventRounds "7"]
[EventCountry "CZE"]
[Source "ChessBase"]
[SourceDate "1992.02.01"]

1. e4 c5 2. Nf3 d6 3. d4 cxd4 4. Nxd4 Nf6 5. Nc3 a6 6. g3 e6 7. Bg2 Be7 8. O-O
Nbd7 9. f4 Qc7 10. g4 g6 11. g5 Nh5 12. Bh3 Nb6 13. f5 e5 14. Nf3 Bd7 15. Bg2
O-O-O 16. f6 Bf8 17. a4 d5 18. Nxd5 Nxd5 19. exd5 Bc5+ 20. Kh1 h6 21. gxh6 e4
22. b4 exf3 23. Qxf3 Bd6 24. c4 Qxc4 25. Bg5 Qg4 26. Qe3 Kb8 27. Rac1 Rde8 28.
Qb6 Ng3+ 29. Kg1 Ne2+ 30. Kh1 Qxb4 31. Rb1 Qxb6 32. Rxb6 Bc5 33. Rb2 Bd4 34.
Rd2 Be3 35. Rxe2 Bxg5 36. Re7 Rxe7 37. fxe7 f5 38. d6 Bxh6 39. Rb1 b5 40. axb5
axb5 41. Ra1 1-0

[Event "Mitropa Cup 14th"]
[Site "Brno"]
[Date "1991.??.??"]
[Round "7"]
[White "Santolini, Luigi"]
[Black "Djuric, Stefan"]
[Result "0-1"]
[WhiteElo "2240"]
[BlackElo "2535"]
[Annotator "Ernst"]
[PlyCount "94"]
[EventDate "1991.10.??"]
[EventType "team-tourn"]
[EventRounds "7"]
[EventCountry "CZE"]
[Source "ChessBase"]
[SourceDate "1992.02.01"]

1. d4 Nf6 2. c4 g6 3. Nc3 d5 4. Bf4 Bg7 5. e3 O-O 6. cxd5 Nxd5 7. Nxd5 Qxd5 8.
Bxc7 Na6 9. Bxa6 bxa6 10. Nf3 Qb7 (10... Bf5 $1 11. Qb3 Qxb3 12. axb3 Rfc8 13.
Rc1 Rab8 14. Rc3 Rb7 15. Ba5 Rxc3 16. Bxc3 Rxb3 17. Kd2 Be4 18. Ra1 Bb7 $14)
11. Be5 (11. Bg3 $1 Qxb2 12. O-O Be6 13. Qc1 $16) 11... Bxe5 12. Nxe5 Bh3 13.
Qf3 Qb4+ 14. Kf1 Qxb2 15. Rd1 Be6 16. Qe2 Qb7 17. f3 Rac8 18. Kf2 Rc3 19. Rd2
Rfc8 20. Rhd1 f6 21. d5 fxe5 22. dxe6 Qb6 23. Rd3 Qxe6 24. Rxc3 Rxc3 25. Qb2
Rc4 26. Rd2 Kf7 27. Qb3 Qc6 28. Qa3 Rc5 29. Qd3 Rc3 30. Qb1 Qc4 31. Qb7 Qh4+
32. Ke2 Qc4+ 33. Ke1 Rc1+ 34. Kf2 Qh4+ 35. Ke2 Qc4+ 36. Kf2 Qh4+ 37. Ke2 Qe1+
38. Kd3 Qf1+ 39. Re2 Qd1+ $6 (39... Rd1+ 40. Kc3 Qxe2 $19) 40. Rd2 Qf1+ 41. Re2
Kf6 $2 42. Qxa6+ e6 43. Qa3 Rc8 44. Qb2 Qd1+ 45. Rd2 Rd8+ 46. Ke4 Qxd2 47.
Qxe5+ Kf7 {Und Weiss gab auf. Eine sehr interessante Partie.} 0-1

[Event "Mitropa Cup 14th"]
[Site "Brno"]
[Date "1991.??.??"]
[Round "7"]
[White "Somlai, Laszlo"]
[Black "Wittmann, Walter"]
[Result "1/2-1/2"]
[WhiteElo "2375"]
[BlackElo "2370"]
[PlyCount "48"]
[EventDate "1991.10.??"]
[EventType "team-tourn"]
[EventRounds "7"]
[EventCountry "CZE"]
[Source "ChessBase"]
[SourceDate "1992.02.01"]

1. e4 c5 2. Nf3 d6 3. d4 cxd4 4. Nxd4 Nf6 5. Nc3 Nc6 6. Bg5 Bd7 7. Qd2 Rc8 8.
O-O-O Nxd4 9. Qxd4 Qa5 10. Bd2 a6 11. Kb1 Qc5 12. Qxc5 Rxc5 13. f3 g6 14. Be3
Rc8 15. Bd4 Bg7 16. Nd5 Nh5 17. Bxg7 Nxg7 18. g3 Be6 19. Bg2 f6 20. Rhe1 Kf7
21. f4 Rhd8 22. Bf3 Rc5 23. Nb4 a5 24. Nd3 Rc7 1/2-1/2

[Event "Mitropa Cup 14th"]
[Site "Brno"]
[Date "1991.??.??"]
[Round "7"]
[White "Velicka, Petr"]
[Black "Wirthensohn, Heinz"]
[Result "1/2-1/2"]
[WhiteElo "2375"]
[BlackElo "2445"]
[PlyCount "23"]
[EventDate "1991.10.??"]
[EventType "team-tourn"]
[EventRounds "7"]
[EventCountry "CZE"]
[Source "ChessBase"]
[SourceDate "1992.02.01"]

1. e4 c5 2. Nf3 Nc6 3. Bb5 g6 4. Bxc6 dxc6 5. h3 Bg7 6. d3 Nf6 7. Nc3 O-O 8.
Be3 b6 9. Qd2 Ne8 10. Bh6 Nc7 11. Bxg7 Kxg7 12. O-O-O 1/2-1/2

[Event "Mitropa Cup 14th"]
[Site "Brno"]
[Date "1991.??.??"]
[Round "7"]
[White "Vokac, Marek"]
[Black "Costa, Jean Luc"]
[Result "1-0"]
[WhiteElo "2440"]
[BlackElo "2410"]
[PlyCount "83"]
[EventDate "1991.10.??"]
[EventType "team-tourn"]
[EventRounds "7"]
[EventCountry "CZE"]
[Source "ChessBase"]
[SourceDate "1992.02.01"]

1. c4 e6 2. Nf3 d5 3. d4 Nf6 4. Nc3 dxc4 5. e3 a6 6. Bxc4 b5 7. Bb3 c5 8. O-O
Bb7 9. Qe2 Nbd7 10. Rd1 Qb6 11. d5 c4 12. dxe6 Qxe6 13. Bc2 Bc5 14. e4 O-O 15.
Be3 Rfe8 16. Nd4 Qb6 17. a4 Nxe4 18. axb5 Nxc3 19. bxc3 axb5 20. Rxa8 Bxa8 21.
Qg4 Nf6 22. Qg5 h6 23. Qg3 Be4 24. h3 Bxc2 25. Nxc2 Bxe3 26. Nxe3 Ne4 27. Qf3
Nxc3 28. Rd7 Qf6 29. Nf5 Ne2+ 30. Kh2 Qe6 31. Rb7 c3 32. Qg4 Qe5+ 33. g3 Qf6
34. Rc7 b4 35. Qf3 Qe6 36. Qg4 Qg6 37. Ne7+ Rxe7 38. Qc8+ Kh7 39. Rxe7 c2 40.
Re8 Qg5 41. Rh8+ Kg6 42. Qxc2+ 1-0

[Event "Mitropa Cup 14th"]
[Site "Brno"]
[Date "1991.??.??"]
[Round "7"]
[White "Weinzettl, Ernst"]
[Black "Horvath, Tamas"]
[Result "0-1"]
[WhiteElo "2285"]
[BlackElo "2415"]
[Annotator "Horn,Pe"]
[PlyCount "92"]
[EventDate "1991.10.??"]
[EventType "team-tourn"]
[EventRounds "7"]
[EventCountry "CZE"]
[Source "ChessBase"]
[SourceDate "1992.02.01"]

1. e4 c5 2. Nf3 e6 3. d3 Nc6 4. g3 Nge7 5. Bg2 g6 6. O-O Bg7 7. c3 d5 8. Nbd2
b6 9. Re1 a5 10. e5 $6 (10. a4) (10. h4) (10. Nf1) 10... Qc7 11. Qe2 Ba6 12.
Nf1 h6 13. h4 O-O-O {N} (13... g5 14. hxg5 hxg5 15. N1h2 Rxh2 16. Nxh2 Nxe5 $13
) 14. N1h2 Rhe8 15. Bf4 Nf5 16. Qd2 Kb8 17. Ng4 Rh8 18. b3 Ka8 19. a3 a4 20.
bxa4 $6 (20. b4 $14) 20... Na5 21. Rab1 Ka7 22. Ne3 $6 (22. Rb2) 22... Ne7 23.
Rb2 Rb8 24. Nc2 Qd7 25. Reb1 Qxa4 26. Nb4 Bb7 (26... cxb4 $2 27. axb4 Nac6 28.
b5 Na5 29. Ra2) 27. Na2 {/\ c4} Ba8 28. Nc1 $2 (28. c4 $5 dxc4 29. Nc3 Qd7 30.
Nb5+ Ka6 31. dxc4 Qxd2 32. Nxd2 Bxg2 33. Kxg2) 28... Qd7 29. c4 Rhc8 (29...
dxc4 $2 30. Rxb6 Rxb6 31. Qxa5+ Ra6 32. Qxc5+ $18) 30. Rb5 {/\ Rxa5} Nec6 31.
Qc2 $2 (31. Be3 d4 (31... dxc4 32. Bxc5 bxc5 $2 33. Qxa5+ Nxa5 34. Rxa5#) (
31... Nxe5 $2 32. Qxa5+ bxa5 33. Rxa5#) 32. Bf4) 31... dxc4 32. dxc4 Rd8 $1 {
/\ Qd1} 33. Kh2 Qd1 34. Qc3 Qa4 35. Nd2 Nd4 36. R5b2 Bxg2 37. Kxg2 Qc6+ 38. Kh2
g5 $1 39. hxg5 hxg5 40. Bxg5 Rh8+ 41. Bh4 Rxh4+ 42. gxh4 Bxe5+ 43. f4 Bxf4+ 44.
Kh3 Qh1+ 45. Kg4 Rg8+ 46. Kxf4 Qxh4+ 0-1

[Event "Mitropa Cup 14th"]
[Site "Brno"]
[Date "1991.??.??"]
[Round "7"]
[White "Zueger, Beat"]
[Black "Jirovsky, Milos"]
[Result "1/2-1/2"]
[WhiteElo "2430"]
[BlackElo "2310"]
[PlyCount "90"]
[EventDate "1991.10.??"]
[EventType "team-tourn"]
[EventRounds "7"]
[EventCountry "CZE"]
[Source "ChessBase"]
[SourceDate "1992.02.01"]

1. d4 Nf6 2. c4 e6 3. Nf3 d5 4. Nc3 Nbd7 5. cxd5 exd5 6. Bf4 c6 7. h3 Nb6 8.
Qc2 g6 9. e3 Bf5 10. Qb3 a5 11. a3 a4 12. Qd1 Bd6 13. Be5 O-O 14. Be2 Be4 15.
Bxd6 Qxd6 16. O-O Bxf3 17. Bxf3 Rfe8 18. Qc2 Re7 19. Rab1 Qe6 20. Be2 Ne8 21.
b3 axb3 22. Qxb3 Nc4 23. Bxc4 dxc4 24. Qb4 Nd6 25. e4 Rd8 26. Rbd1 f5 27. d5 c5
28. Qxc5 Qf6 29. Qa5 Rde8 30. exf5 gxf5 31. Nb5 Ne4 32. d6 Rg7 33. d7 Rd8 34.
Qc7 Qg5 35. g3 Kh8 36. Rfe1 h5 37. Rd5 Qf6 38. Rxf5 Qxf5 39. Qxd8+ Kh7 40. Qb6
Nxg3 41. d8=Q Nh1+ 42. Kf1 Ng3+ 43. Kg2 Nh1+ 44. Kf1 Ng3+ 45. Kg2 Nh1+ 1/2-1/2

[Event "Mitropa Cup 15th"]
[Site "Bad Woerishofen"]
[Date "1993.??.??"]
[Round "?"]
[White "Almasi, Zoltan"]
[Black "Borgo, Giulio"]
[Result "0-1"]
[WhiteElo "2490"]
[BlackElo "2365"]
[PlyCount "68"]
[EventDate "1993.01.??"]
[EventType "team-tourn"]
[EventRounds "7"]
[EventCountry "GER"]
[Source "ChessBase"]
[SourceDate "1993.06.01"]

1. e4 c5 2. Nf3 d6 3. d4 cxd4 4. Nxd4 Nf6 5. Nc3 Nc6 6. Bg5 e6 7. Qd2 a6 8.
O-O-O h6 9. Be3 Ng4 10. Nxc6 bxc6 11. Bc5 d5 12. Bxf8 Kxf8 13. f3 Nf6 14. Na4
Qd6 15. Nb6 Rb8 16. Nxc8 Rxc8 17. Bxa6 Ra8 18. Bc4 Ke7 19. Bb3 Rhb8 20. Qc3 Ne8
21. Kb1 Kf8 22. Qd3 Nf6 23. exd5 cxd5 24. Rc1 Nd7 25. Rhd1 Nc5 26. Qe3 Nxb3 27.
cxb3 Qxh2 28. g4 Qd6 29. Rc5 Rb4 30. Rdc1 Qa6 31. a3 d4 32. Qf4 Rxb3 33. Rc7
Qd3+ 34. R1c2 Rxb2+ 0-1

[Event "Mitropa Cup 15th"]
[Site "Bad Woerishofen"]
[Date "1993.??.??"]
[Round "?"]
[White "Almasi, Zoltan"]
[Black "Rasik, Vitezslav"]
[Result "1/2-1/2"]
[WhiteElo "2490"]
[BlackElo "2405"]
[PlyCount "81"]
[EventDate "1993.01.??"]
[EventType "team-tourn"]
[EventRounds "7"]
[EventCountry "GER"]
[Source "ChessBase"]
[SourceDate "1993.06.01"]

1. e4 c5 2. Nf3 e6 3. d4 cxd4 4. Nxd4 Nf6 5. Nc3 d6 6. f4 a6 7. Qf3 Qb6 8. a3
Nc6 9. Nxc6 bxc6 10. b3 Be7 11. Bb2 e5 12. fxe5 dxe5 13. Na4 Qa5+ 14. Bc3 Qc7
15. Bc4 O-O 16. O-O a5 17. Kh1 Ba6 18. Bxa6 Rxa6 19. Qf5 g6 20. Qf3 c5 21. Nb2
a4 22. Nc4 axb3 23. cxb3 Qb7 24. Bxe5 Qxe4 25. Qc3 Qc6 26. Rac1 Ne4 27. Qb2 f5
28. Rcd1 Bf6 29. Rd3 Bxe5 30. Qxe5 Qf6 31. Qd5+ Qe6 32. Kg1 Qxd5 33. Rxd5 Rb8
34. Rf3 Ra7 35. h3 Rab7 36. Rdd3 Kg7 37. g4 Ng5 38. Rfe3 f4 39. Re5 Nf7 40.
Rxc5 Rxb3 41. Rcd5 1/2-1/2

[Event "Mitropa Cup 15th"]
[Site "Bad Woerishofen"]
[Date "1993.??.??"]
[Round "?"]
[White "Boensch, Uwe"]
[Black "Duer, Werner"]
[Result "1-0"]
[WhiteElo "2490"]
[BlackElo "2290"]
[Annotator "Stohl,I"]
[PlyCount "97"]
[EventDate "1993.01.??"]
[EventType "team-tourn"]
[EventRounds "7"]
[EventCountry "GER"]
[Source "ChessBase"]
[SourceDate "1993.06.01"]

1. d4 d6 2. e4 Nf6 3. f3 e5 (3... c5 $5 4. d5 a6 5. a4 e6 6. c4 exd5 7. cxd5
Be7 8. Ne2 O-O 9. Nec3 Nh5 10. Bd3 $13 {1/2:1/2,Marin,M-Moldovan,D,Bucharest
1993-CBM 34}) (3... d5 4. e5 Nfd7 5. c4 dxc4 6. Bxc4 e6 7. f4 c5 8. Nf3 cxd4 9.
O-O $6 (9. Nxd4 $142 {()}) 9... Nc6 10. a3 a5 11. Nbd2 Nc5 12. b3 Be7 13. Bb2
O-O 14. Kh1 b6 15. b4 axb4 16. axb4 Rxa1 17. Bxa1 Nxb4 $15 {Hansen,LB-Adams,M,
Wijk op 1993-CBM 34}) (3... Nbd7 4. c4 e5 5. d5 Be7 6. Nc3 (6. Be3 $142 Nh5 7.
Qd2 $14) 6... Nh5 7. Be3 Bg5 8. Qd2 (8. Bf2 $5 $13) 8... Bxe3 9. Qxe3 g6 10.
O-O-O f5 $5 11. exf5 gxf5 12. Nge2 Ndf6 13. f4 O-O 14. h3 Qe8 15. Qf3 Bd7 16.
Rg1 Kh8 17. g3 a6 18. Bg2 b5 $36 {Pelletier,Y-Conquest,S,Bern op 1993}) 4. d5
Be7 5. c4 Nh5 6. Be3 O-O (6... Bg5 7. Bf2 g6 8. g3 O-O 9. Nc3 a5 10. Be2 Na6 $2
(10... Ng7 11. h4 $14) 11. f4 $1 exf4 12. Bxh5 gxh5 13. Qxh5 f5 14. gxf4 Bf6
15. e5 dxe5 16. Nf3 exf4 17. Rg1+ Kh8 18. O-O-O Qe8 19. Qh6 Nb4 20. Nh4 {1-0,
Psakhis,L-Vanheste,J,Oostende op 1992-TD 92_10}) 7. Nc3 (7. Qd2 h6 8. Nc3 Bg5
9. g3 $1 Bxe3 10. Qxe3 Qg5 11. Qxg5 hxg5 12. Bh3 $14 g6 $6 13. Bxc8 Rxc8 14.
Nh3 f6 15. g4 $1 Nf4 16. Nxf4 exf4 17. h4 Nd7 18. hxg5 fxg5 19. Ke2 Kg7 20. Rh2
$16 {_|_,Ionescu,C-Moldovan,D,Bucharest 1991}) 7... g6 (7... Bg5 8. Bf2 g6 $14)
8. Qd2 f5 9. exf5 gxf5 10. O-O-O {׻,/\f4,g4} Na6 11. Nge2 Kh8 12. f4 $36 Nc5 (
12... Nf6 $5 13. h3 Qe8 $14) 13. Kb1 {/\Bc5,fe5} exf4 $6 (13... Nf6 $2 14. Bxc5
dxc5 15. fxe5 $19) (13... Nd7 $142 $5) 14. Nxf4 Nxf4 15. Bd4+ $1 Bf6 16. Qxf4
$16 {><f5,h7,>>} Bd7 17. Bd3 Bxd4 (17... Nxd3 18. Rxd3 $16) 18. Qxd4+ Qf6 19.
Bc2 $1 a5 20. Rhf1 Rae8 21. g3 Qg7 22. Qxg7+ Kxg7 23. Rd4 Rf6 24. Rdf4 Ref8 25.
Kc1 {/\Kd2,Ne2-d4 ><f5} (25. Ne2 b5 $5 $132) 25... Ne4 $6 26. Bxe4 fxe4 27.
Nxe4 Rxf4 28. gxf4 $18 b6 29. Kd2 Bf5 30. Rg1+ Kh8 31. Nc3 Bg6 32. Rf1 Rf7 33.
Nb5 {><c7,/\Nd4,f5,Ne6} Bf5 34. Nd4 Kg7 35. Rg1+ Kf6 36. Rg8 Bd7 37. Ke3 h5 38.
Rg5 Re7+ 39. Kd3 h4 40. Rh5 Rg7 (40... h3 41. f5 $18) 41. Rh6+ Rg6 42. Rxh4 Rg2
43. Rh7 Be8 44. Kc3 Bg6 (44... Rg7 45. Rxg7 Kxg7 46. Ne6+ $18) 45. Rxc7 Rxh2
46. Kb3 $1 (46. Rc6 $2 Rh3+ 47. Kd2 Rd3+) 46... Rd2 47. Nb5 a4+ 48. Ka3 Kf5 49.
Rc6 1-0

[Event "Mitropa Cup 15th"]
[Site "Bad Woerishofen"]
[Date "1993.??.??"]
[Round "?"]
[White "Boensch, Uwe"]
[Black "Votava, Jan"]
[Result "1/2-1/2"]
[WhiteElo "2490"]
[BlackElo "2410"]
[Annotator "Stohl,I"]
[PlyCount "122"]
[EventDate "1993.01.??"]
[EventType "team-tourn"]
[EventRounds "7"]
[EventCountry "GER"]
[Source "ChessBase"]
[SourceDate "1993.06.01"]

1. d4 Nf6 2. c4 c5 3. d5 b5 4. Nf3 Bb7 5. Nc3 (5. a4 b4 6. Nbd2 d6 (6... Qc7 7.
e4 e5 8. Bd3 d6 9. O-O Nbd7 10. Nh4 O-O-O 11. g3 g6 12. f4 exf4 13. gxf4 Bg7
14. Rb1 Rde8 15. b3 Kb8 16. Bb2 Bc8 17. Qc2 Nh5 18. Bxg7 Nxg7 19. Rbe1 Rhf8 20.
Ndf3 f6 $10 {Van Wely,L-Koch,JR,Tunja WchJ 1989-TD 89_08}) 7. e4 Nbd7 8. Bd3 g6
9. h3 Bg7 10. Nb3 a5 11. Bg5 h6 12. Be3 Qc7 13. Qc2 g5 $5 14. O-O g4 15. Nh4
gxh3 16. gxh3 O-O-O 17. f4 Rdg8 18. Kf2 Ne8 19. Rg1 Bf6 20. Nf3 e5 $13 {
Conquest,S-Tseshkovsky,V,Alma-Ata 1989}) (5. Nbd2 bxc4 6. e4 e6 7. dxe6 fxe6 8.
e5 Nd5 9. Nxc4 Be7 10. g3 (10. Bg5 O-O $1 $8 11. Bxe7 Qxe7 $36 {@}) 10... O-O
11. Bg2 Nc6 12. O-O Na5 $1 13. Nfd2 Ba6 14. Qa4 Nxc4 15. Nxc4 Qc8 16. Rd1 Rb8
17. Bd2 Nb6 18. Nxb6 axb6 19. Be3 b5 $10 {Riemersma,L-Ernst,T,Belgrade GMA-op
1988-TD 88_07}) (5. Qc2 e6 (5... Na6 $5 6. a3 e6 7. dxe6 fxe6 8. cxb5 Qa5+ 9.
Nc3 Nb4 10. Qb1 Nbd5 11. Bd2 Nxc3 12. bxc3 Ne4 13. c4 Nxd2 14. Nxd2 Be7 15. e3
O-O 16. f3 Bg5 $40 {Lev,R-Manor,I,Tel-Aviv ASA 1991-EXP 27}) 6. e4 exd5 7. cxd5
Qe7 8. Nbd2 Bxd5 9. Bxb5 Bxe4 10. Nxe4 Qxe4+ 11. Qxe4+ Nxe4 12. O-O Nd6 13.
Re1+ Be7 14. Ba4 Nc8 15. Bf4 O-O 16. Rac1 Bf6 17. Rxc5 Bxb2 18. Rb5 Nb6 19. Bb3
$36 {Miralles,G-Andruet,G,Marseille 1988-CBM 09}) (5. Bg5 Ne4 6. Nc3 Nxg5 7.
Nxg5 b4 8. Nce4 d6 9. h4 h6 10. Nh3 g6 11. e3 Bg7 12. Qc2 Nd7 13. Bd3 Ne5 14.
Be2 a5 15. a3 Qb6 16. O-O b3 17. Qd2 Bc8 18. f4 Ng4 19. Bxg4 Bxg4 20. Nhf2 Bd7
$15 {^^,Nemet,I-Mainka,R,Zurich op 1988}) 5... b4 6. Na4 e6 7. Bg5 h6 $5 {N} (
7... d6 8. e4 Be7 9. e5 $6 dxe5 10. dxe6 Qc7 $1 11. exf7+ Kxf7 12. Be3 Rd8 13.
Qc2 Kg8 14. Qf5 Qd7 $1 15. Qxd7 Nbxd7 16. Be2 Bc6 17. b3 Ne4 18. Bd3 Nxf2 $1
19. Kxf2 e4 $36 {Anikaev,Y-Vaganian,R,URS-ch 1982}) 8. Bxf6 Qxf6 9. e4 d6 10.
a3 Nd7 11. axb4 cxb4 12. Qd2 (12. c5 dxc5 13. Bb5 O-O-O $1 $13) 12... a5 13. c5
$5 dxc5 14. Bb5 exd5 $8 (14... O-O-O 15. Bxd7+ Kxd7 $8 (15... Rxd7 16. Nb6+ $18
) 16. e5 $40) 15. O-O (15. Bxd7+ Kxd7 16. exd5 Re8+ $17) (15. exd5 O-O-O 16.
O-O {-15.0-0}) 15... O-O-O (15... d4 16. Rac1 Rc8 17. e5 Qe6 18. Bc4 $40 {/\}
Bd5 $2 19. Nxd4 $1 cxd4 20. Bxd5 $18) 16. exd5 Nb6 (16... Bd6 17. Rfc1 $44) 17.
Nxb6+ Qxb6 18. Bc4 Bd6 19. Qd3 g6 (19... Bc7 $5 20. Qf5+ Rd7 21. Ne5 $44) 20.
Nd2 $1 {/\Nb3+-} Bc7 21. Nb3 Qd6 22. g3 Bxd5 23. Bxd5 (23. Nxa5 $5 $44) 23...
Qxd5 24. Qa6+ Qb7 25. Qc4 Qd5 $10 26. Qa6+ Qb7 27. Qf6 $6 (27. Qc4 Qd5 $10)
27... Qb5 $1 28. Rfc1 c4 29. Qxf7 (29. Nd4 Qb6 30. Qxb6 Bxb6 31. Rxc4+ Kb7 $17)
29... Rd7 $8 30. Qxc4 Rd1+ $1 $17 31. Kg2 Qxc4 32. Rxc4 Rxa1 33. Nxa1 Kb7 34.
Nb3 (34. b3 Rd8 35. Nc2 Rd3 $17) 34... Bb6 35. Nc5+ Bxc5 36. Rxc5 Kb6 37. Re5 (
37. Rc4 Kb5 38. b3 a4 $19) 37... Rc8 $2 (37... a4 $1 {/\a3,Ra8} 38. Re6+ Kb5
39. Rxg6 Kc4 (39... a3 $5 $17) 40. Ra6 Kb3 41. f4 Rd8 $19) 38. b3 $1 $8 Rc3 39.
Re6+ Kb5 40. Re5+ Rc5 41. Re8 $132 Rc3 42. Re5+ Kb6 43. Re6+ Kc7 44. Re7+ Kd6
45. Ra7 $10 Rxb3 46. Rxa5 Ra3 47. Rb5 b3 48. f4 Kc6 49. Rb8 Kc5 50. g4 Kc4 51.
f5 gxf5 52. gxf5 Ra5 53. f6 Rf5 54. Rc8+ (54. Rb6 Kc3 55. Rc6+ $10) 54... Kd3
55. Rb8 Kc2 56. Rc8+ Kb1 57. Rf8 b2 58. f7 Kc2 59. Rc8+ Kd3 60. Rb8 Kc3 61.
Rc8+ Kd3 (61... Kd3 62. Rb8 Rxf7 63. Rxb2 $10) 1/2-1/2

[Event "Mitropa Cup 15th"]
[Site "Bad Woerishofen"]
[Date "1993.??.??"]
[Round "?"]
[White "Borgo, Giulio"]
[Black "Herzog, Adolf"]
[Result "1-0"]
[WhiteElo "2365"]
[BlackElo "2345"]
[PlyCount "111"]
[EventDate "1993.01.??"]
[EventType "team-tourn"]
[EventRounds "7"]
[EventCountry "GER"]
[Source "ChessBase"]
[SourceDate "1993.06.01"]

1. e4 e6 2. d4 d5 3. Nd2 c5 4. Ngf3 cxd4 5. exd5 Qxd5 6. Bc4 Qd6 7. O-O Nf6 8.
Nb3 Nc6 9. Nbxd4 Nxd4 10. Nxd4 Bd7 11. c3 Qc7 12. Qe2 a6 13. Re1 Bd6 14. h3
Bh2+ 15. Kh1 Bf4 16. Bxf4 Qxf4 17. Nf3 Rc8 18. Ne5 Bc6 19. Nxc6 Rxc6 20. Bb3
Ke7 21. Rad1 Rd8 22. Rxd8 Kxd8 23. Rd1+ Rd6 24. g3 Qe4+ 25. Qxe4 Rxd1+ 26. Bxd1
Nxe4 27. Kg2 h6 28. Kf3 Ng5+ 29. Ke3 Kc7 30. f4 Nh7 31. Kd4 Nf6 32. c4 Ne8 33.
c5 Nf6 34. Bf3 Nd7 35. b4 Nb8 36. a4 Nc6+ 37. Kc4 Ne7 38. Be4 Nc8 39. Kd4 b6
40. cxb6+ Nxb6 41. a5 Nd7 42. Bd3 Nb8 43. b5 Kd6 44. bxa6 Nc6+ 45. Kc4 Na7 46.
Be4 Nc8 47. Kb5 Kc7 48. Kc5 f6 49. h4 Na7 50. h5 Nc8 51. Bb7 Na7 52. g4 e5 53.
fxe5 fxe5 54. Kd5 Nb5 55. Kxe5 Nd6 56. Ke6 1-0

[Event "Mitropa Cup 15th"]
[Site "Bad Woerishofen"]
[Date "1993.??.??"]
[Round "?"]
[White "Borgo, Giulio"]
[Black "Rasik, Vitezslav"]
[Result "0-1"]
[WhiteElo "2365"]
[BlackElo "2405"]
[PlyCount "94"]
[EventDate "1993.01.??"]
[EventType "team-tourn"]
[EventRounds "7"]
[EventCountry "GER"]
[Source "ChessBase"]
[SourceDate "1993.06.01"]

1. e4 c5 2. Nf3 e6 3. d4 cxd4 4. Nxd4 Nf6 5. Nc3 d6 6. Be3 Be7 7. f3 e5 8. Bb5+
Kf8 9. Nde2 Be6 10. f4 a6 11. Ba4 Qa5 12. Bb3 Nxe4 13. O-O Nf6 14. Bxe6 fxe6
15. fxe5 dxe5 16. Ne4 Qd5 17. Ng5 Nc6 18. Qe1 Kg8 19. Nc3 Qc4 20. b3 Qb4 21. a3
Qg4 22. h3 Qh5 23. Nxe6 Qg6 24. Qe2 h6 25. Bc5 Bxc5+ 26. Nxc5 Kh7 27. N3e4 Nxe4
28. Qxe4 b6 29. Qxg6+ Kxg6 30. Ne4 Rad8 31. Rad1 Nd4 32. c3 Nc2 33. Kf2 Rhf8+
34. Ke2 Rxf1 35. Rxd8 Re1+ 36. Kf3 Re3+ 37. Kf2 Rxe4 38. Rd6+ Kf5 39. Rxb6 Nxa3
40. Rxa6 Nb1 41. Rc6 Nd2 42. Rb6 Nb1 43. Rc6 h5 44. c4 Nc3 45. Kf3 Nd1 46. g4+
hxg4+ 47. hxg4+ Rxg4 0-1

[Event "Mitropa Cup 15th"]
[Site "Bad Woerishofen"]
[Date "1993.??.??"]
[Round "?"]
[White "Borgo, Giulio"]
[Black "Sermek, Drazen"]
[Result "0-1"]
[WhiteElo "2365"]
[BlackElo "2495"]
[PlyCount "79"]
[EventDate "1993.01.??"]
[EventType "team-tourn"]
[EventRounds "7"]
[EventCountry "GER"]
[Source "ChessBase"]
[SourceDate "1993.06.01"]

1. e4 c5 2. Nf3 e6 3. d4 cxd4 4. Nxd4 Nf6 5. Nc3 Nc6 6. Nxc6 bxc6 7. e5 Nd5 8.
Ne4 f5 9. exf6 Nxf6 10. Nd6+ Bxd6 11. Qxd6 Qb6 12. Bd3 Ba6 13. Be3 Qxb2 14. Bd4
Qb7 15. c4 Qb8 16. Qa3 Qf4 17. Rd1 Bb7 18. Qb2 Qc7 19. O-O c5 20. Be5 Qc6 21.
f3 O-O-O 22. Rfe1 Rhf8 23. Bg3 Rfe8 24. Bc2 d6 25. Re3 Re7 26. Rde1 e5 27. Bh4
Qa6 28. Qc1 Kb8 29. Bf5 Rc7 30. Ra3 Qc6 31. Rb3 Ka8 32. Qb2 d5 33. cxd5 Qxd5
34. Bf2 e4 35. fxe4 Qd2 36. Qe5 Ne8 37. Rb2 Qd6 38. Qc3 Qa6 39. e5 g6 40. Bg4
0-1

[Event "Mitropa Cup 15th"]
[Site "Bad Woerishofen"]
[Date "1993.??.??"]
[Round "?"]
[White "Bosboom, Manuel"]
[Black "Duer, Werner"]
[Result "1-0"]
[WhiteElo "2425"]
[BlackElo "2290"]
[PlyCount "119"]
[EventDate "1993.01.??"]
[EventType "team-tourn"]
[EventRounds "7"]
[EventCountry "GER"]
[Source "ChessBase"]
[SourceDate "1993.06.01"]

1. e4 c6 2. d4 d5 3. exd5 cxd5 4. c4 Nf6 5. Nc3 e6 6. Nf3 Bb4 7. cxd5 exd5 8.
Bb5+ Nc6 9. O-O O-O 10. Bxc6 Bxc3 11. bxc3 bxc6 12. Bg5 h6 13. Bxf6 Qxf6 14.
Ne5 c5 15. Re1 cxd4 16. cxd4 Be6 17. Rc1 Rfb8 18. Qd2 Rb7 19. Rb1 Rab8 20. Rxb7
Rxb7 21. Qc3 Qd8 22. Nd3 Qb6 23. h3 Rc7 24. Nc5 Rc6 25. a4 Qb8 26. a5 Qb5 27.
Re5 Qb1+ 28. Kh2 Qa2 29. Qe1 Kh7 30. Kg1 Qb2 31. Qe3 Qa1+ 32. Kh2 Qxa5 33. f4
Qc7 34. Kg1 g6 35. g4 Qb8 36. Kg2 Qb2+ 37. Kg3 Rb6 38. f5 gxf5 39. gxf5 Bc8 40.
Rxd5 Bb7 41. Rd7 Qg2+ 42. Kh4 Bd5 43. Qg3 Qxg3+ 44. Kxg3 Bc4 45. Rxa7 Kg7 46.
Kf4 Rb1 47. Nd7 Bd5 48. Ke5 Bb3 49. Ra3 h5 50. h4 Re1+ 51. Kd6 Rb1 52. Ke7 Bd1
53. f6+ Kg6 54. Ra5 Rb7 55. Rg5+ Kh6 56. Kd6 Bg4 57. Ne5 Rb6+ 58. Kc5 Rb7 59.
Kc6 Ra7 60. Kb6 1-0

[Event "Mitropa Cup 15th"]
[Site "Bad Woerishofen"]
[Date "1993.??.??"]
[Round "?"]
[White "Bosboom, Manuel"]
[Black "Knaak, Rainer"]
[Result "0-1"]
[WhiteElo "2425"]
[BlackElo "2515"]
[Annotator "Knaak,R"]
[PlyCount "60"]
[EventDate "1993.01.??"]
[EventType "team-tourn"]
[EventRounds "7"]
[EventCountry "GER"]
[Source "ChessBase"]
[SourceDate "1993.06.01"]

1. e4 e6 2. d3 d5 3. Nd2 Nf6 4. Ngf3 b6 5. c3 Be7 6. Qa4+ $6 c6 7. e5 Nfd7 8.
d4 a5 9. h4 Qc7 10. Bd3 Ba6 11. Bxa6 Nxa6 $15 12. O-O b5 13. Qd1 c5 14. Re1 O-O
15. Nf1 b4 16. Bg5 Nb6 $5 17. Ne3 bxc3 18. bxc3 Rfc8 19. Bxe7 $2 (19. Rb1)
19... Qxe7 20. Rb1 (20. Ng5 Nd7 $1) 20... cxd4 21. cxd4 Nc4 $17 22. Ng4 Nb4 23.
Rb3 a4 24. Nf6+ $6 gxf6 25. exf6 Qf8 26. Rxb4 Qxb4 27. Ne5 Nxe5 28. Rxe5 Kh8
29. Rh5 Rab8 30. Kh2 Qb1 0-1

[Event "Mitropa Cup 15th"]
[Site "Bad Woerishofen"]
[Date "1993.??.??"]
[Round "?"]
[White "Bosboom, Manuel"]
[Black "Wirthensohn, Heinz"]
[Result "0-1"]
[WhiteElo "2425"]
[BlackElo "2400"]
[PlyCount "80"]
[EventDate "1993.01.??"]
[EventType "team-tourn"]
[EventRounds "7"]
[EventCountry "GER"]
[Source "ChessBase"]
[SourceDate "1993.06.01"]

1. e4 c5 2. Nf3 Nc6 3. Bb5 g6 4. O-O Bg7 5. c3 Nf6 6. d4 cxd4 7. cxd4 Nxe4 8.
d5 Nd6 9. Ba4 Ne5 10. Nxe5 Bxe5 11. Re1 Bf6 12. Bf4 O-O 13. Nc3 b6 14. Qg4 Ba6
15. Bxd7 h5 16. Qh3 Bc8 17. Bxc8 Qxc8 18. Qf3 Qf5 19. Re2 Rfc8 20. Rae1 Rc4 21.
Bxd6 Qxf3 22. gxf3 Bxc3 23. bxc3 exd6 24. Re7 Rxc3 25. Rd7 Rxf3 26. Rxd6 Rc8
27. Re2 Rf5 28. Rd2 Rg5+ 29. Kf1 Rc1+ 30. Ke2 Re5+ 31. Kd3 Kf8 32. Kd4 Ke7 33.
Rd7+ Kxd7 34. Kxe5 Rc4 35. f4 Ke7 36. d6+ Kd7 37. h4 Rc5+ 38. Ke4 Rf5 39. a4
Rf6 40. a5 Re6+ 0-1

[Event "Mitropa Cup 15th"]
[Site "Bad Woerishofen"]
[Date "1993.??.??"]
[Round "?"]
[White "Braga, Fernando Alberto"]
[Black "Horvath, Csaba"]
[Result "1/2-1/2"]
[WhiteElo "2435"]
[BlackElo "2490"]
[PlyCount "30"]
[EventDate "1993.01.??"]
[EventType "team-tourn"]
[EventRounds "7"]
[EventCountry "GER"]
[Source "ChessBase"]
[SourceDate "1993.06.01"]

1. e4 c5 2. Nf3 Nc6 3. c3 d5 4. exd5 Qxd5 5. d4 Nf6 6. Be2 cxd4 7. cxd4 e6 8.
Nc3 Qd6 9. O-O Be7 10. Nb5 Qd8 11. Ne5 Nxe5 12. dxe5 Nd5 13. Qa4 Bd7 14. Qg4
Kf8 15. Rd1 h5 1/2-1/2